000 00292nam a2200121Ia 4500
008 220204s9999 xx 000 0 und d
082 _a581
_bLEH
100 _aLEHANE, Brendan
245 0 _aPower of plants.
260 _aLondon
_bJohn Murray
_c1977
650 _aPlants evolution
942 _cBK
999 _c27636
_d27636